000
00345nam a2200145Ia 4500
003
OSt
005
20240102053256.0
008
170523s9999 xx 000 0 und d
020
_a
9780071070515
040
_c
IIMTU
100
_a
Massobrio- Giuseppe
245
0
_a
Semiconductor Device Modeling with SPICE
260
_a
T.M.H.
942
_2
ddc
_c
02
999
_c
12528
_d
12528